| 000 | 00535nam a22001697a 4500 | ||
|---|---|---|---|
| 003 | NUST | ||
| 038 | _aMr. Zahoor | ||
| 082 | _a005.1 | ||
| 100 |
_aNazir, Farhana _916103 |
||
| 245 |
_aAutomated Software Requirement Classification Using Natural Language processing by _cFarhana Nazir |
||
| 260 |
_aIslamabad : _bCEME - NUST, _c2017. |
||
| 300 |
_aix, 54 p. ; ill. : _c30cm. |
||
| 500 | _aHardcover. | ||
| 650 |
_aComputer Software Engineering - MS Thesis. _916105 |
||
| 700 |
_aDr. Wasi Haider Butt. _916106 |
||
| 942 |
_2ddc _cTHE |
||
| 999 |
_c525184 _d525184 |
||